Statystyki dla Rozpoznaj miasto po tablicy rejestracyjnej woj. mazowieckie

Kliknij tutaj aby rozwiązać quiz!

Ogólne statystyki

  • Ten quiz został rozwiązany 81 razy
    (72 od ostatniego zresetowania)
  • Średni wynik to 23 z 56

Statystyki odpowiedzi

RejestracjaMiasto / powiatOdpowiedź% Poprawnych
WRMiastoRadom
87%
WPMiastoPłock
78%
WOMiastoOstrołęka
74%
WBMiasto + dzielnicaWarszawa Bemowo
72%
WSMiastoSiedlce
67%
WAMiasto + dzielnicaWarszawa Białołęka
59%
WIMiasto + dzielnicaWarszawa Śródmieście
59%
WOTpowiatotwocki
57%
WPR, WPP, WPSpowiatpruszkowski
57%
WFMiasto + dzielnicaWarszawa Praga Południe
57%
WXMiasto + dzielnicaWarszawa Wesoła / Warszawa Żoliborz
57%
WGRpowiatgrójecki
54%
WEMiasto + dzielnicaWarszawa Mokotów
54%
WCIpowiatciechanowski
52%
WGMpowiatgrodziski
52%
WRApowiatradomski
52%
WDMiasto + dzielnicaWarszawa Bielany
52%
WUMiasto + dzielnicaWarszawa Ochota
52%
WHMiasto + dzielnicaWarszawa Praga Północ
52%
WGpowiatgarwoliński
50%
WNDpowiatnowodworski
50%
WWMiasto + dzielnicaWarszawa Rebertów / Warszawa Wilanów / Warszawa Włochy
50%
WPIpowiatpiaseczyński
46%
WYMiasto + dzielnicaWarszawa Wola
46%
WLpowiatlegionowski
43%
WTMiasto + dzielnicaWarszawa Wawer
43%
WOSpowiatostrołęcki
41%
WSIpowiatsiedlecki
41%
WKMiasto + dzielnicaWarszawa Ursus
41%
WMpowiatmiński
39%
WGSpowiatgostyniński
37%
WPLpowiatpłocki
37%
WJMiasto + dzielnicaWarszawa Targówek
37%
WNMiasto + dzielnicaWarszawa Ursynów
37%
WWL, WVpowiatwołomiński
37%
WMLpowiatmławski
35%
WSCpowiatsochaczewski
35%
WBRpowiatbiałobrzeski
33%
WPNpowiatpłoński
30%
WZYpowiatżyrardowski
30%
WLIpowiatlipski
26%
WMApowiatmakowski
26%
WPUpowiatpułtuski
26%
WZpowiatwarszawski zachodni
26%
WWEpowiatwęgrowski
26%
WPZpowiatprzasnyski
24%
WLSpowiatłosicki
20%
WSKpowiatsokołowski
20%
WWYpowiatwyszkowski
20%
WZWpowiatzwoleński
20%
WKZpowiatkozieniecki
15%
WORpowiatostrowski
15%
WSEpowiatsierpecki
15%
WSZpowiatszydłowiecki
15%
WZUpowiatżuromiński
15%
WPYpowiatprzysuski
11%

Rozkład punktacji

Percentyl według liczby udzielonych odpowiedzi

Procent ludzi z każdym wynikiem

Twoja historia wyników

Nie rozwiązałeś tego quizu od ostatniego zresetowania